The retarded child goes to school. (Record no. 34237)

MARC details
000 -LEADER
fixed length control field 00796cam a22002411 4500
001 - CONTROL NUMBER
control field hew60000033
003 - CONTROL NUMBER IDENTIFIER
control field DLC
005 - DATE AND TIME OF LATEST TRANSACTION
control field 20260227111510.0
008 - FIXED-LENGTH DATA ELEMENTS--GENERAL INFORMATION
fixed length control field 780712s1960 dcu b f000 0 eng
010 ## - LIBRARY OF CONGRESS CONTROL NUMBER
LC control number hew60000033
035 ## - SYSTEM CONTROL NUMBER
System control number (OCoLC)4046905
040 ## - CATALOGING SOURCE
Original cataloging agency DLC
Transcribing agency MiOC
Modifying agency OCoLC
-- DLC
050 00 - LIBRARY OF CONGRESS CALL NUMBER
Classification number L111
Item number .A75 no. 123
051 ## - LIBRARY OF CONGRESS COPY, ISSUE, OFFPRINT STATEMENT
Classification number LC4691
Item number .W5
082 ## - DEWEY DECIMAL CLASSIFICATION NUMBER
Classification number 371.92
100 1# - MAIN ENTRY--PERSONAL NAME
Personal name Williams, Harold M.
Fuller form of name (Harold Marshall),
Dates associated with a name 1899-
245 14 - TITLE STATEMENT
Title The retarded child goes to school.
260 ## - PUBLICATION, DISTRIBUTION, ETC.
Place of publication, distribution, etc. [Washington]
Name of publisher, distributor, etc. U.S. Dept. of Health, Education, and Welfare, Office of Education
Date of publication, distribution, etc. [1960]
300 ## - PHYSICAL DESCRIPTION
Extent viii, 24, [1] p.
Dimensions 23 cm.
410 10 - SERIES STATEMENT/ADDED ENTRY--CORPORATE NAME [OBSOLETE, CAN/MARC], [LOCAL, USA]
Corporate name or jurisdiction name as entry element United States.
Subordinate unit Office of Education.
Title of a work Pamphlet
Volume number/sequential designation no. 123.
504 ## - BIBLIOGRAPHY, ETC. NOTE
Bibliography, etc. note Bibliography: p.23-[25]
650 #0 - SUBJECT ADDED ENTRY--TOPICAL TERM
Topical term or geographic name entry element Children with mental disabilities
General subdivision Education.

No items available.

Powered by Koha